[Event "21st SLO-ch"]
[Site "Ljubljana SLO"]
[Date "2011.08.12"]
[Round "7"]
[White "Borisek, Jure"]
[Black "Zorko, Jure"]
[Result "1/2-1/2"]
[WhiteElo "2543"]
[BlackElo "2434"]
[PlyCount "32"]
[EventDate "2011.08.06"]

1. d4 Nf6 2. c4 e6 3. Nc3 Bb4 4. Qc2 O-O 5. e4 d6 6. a3 Bxc3+ 7. bxc3 e5 8. Bd3 Nc6 9. Ne2 Nh5 10. O-O g5 11. Be3 Qf6 12. f3 Nf4 13. d5 Ne7 14. g3 Nxd3 15. Qxd3 Qg6 16. g4 h5 1/2-1/2

[Event "21st SLO-ch"]
[Site "Ljubljana SLO"]
[Date "2011.08.12"]
[Round "7"]
[White "Sebenik, Matej"]
[Black "Mazi, Leon"]
[Result "1/2-1/2"]
[WhiteElo "2525"]
[BlackElo "2332"]
[PlyCount "38"]
[EventDate "2011.08.06"]

1. d4 Nf6 2. Nf3 e6 3. c4 d5 4. Nc3 Be7 5. Bg5 O-O 6. e3 h6 7. Bh4 Ne4 8. Bxe7 Qxe7 9. Rc1 Nxc3 10. Rxc3 dxc4 11. Bxc4 b6 12. O-O Bb7 13. Qe2 Rc8 14. Rfc1 c5 15. Bd3 Nd7 16. Ba6 Bxa6 17. Qxa6 Rd8 18. Qb7 Qd6 19. Qe4 a5 1/2-1/2

[Event "21st SLO-ch"]
[Site "Ljubljana SLO"]
[Date "2011.08.12"]
[Round "7"]
[White "Skoberne, Jure"]
[Black "Kokol, Peter"]
[Result "1-0"]
[WhiteElo "2563"]
[BlackElo "2282"]
[PlyCount "83"]
[EventDate "2011.08.06"]

1. g3 Nf6 2. Bg2 d5 3. Nf3 g6 4. O-O Bg7 5. d4 O-O 6. Nbd2 Nc6 7. b3 Bf5 8. Bb2 Qc8 9. c4 Bh3 10. cxd5 Nxd5 11. e4 Bxg2 12. Kxg2 Nb6 13. Qb1 f5 14. d5 Bxb2 15. Qxb2 fxe4 16. dxc6 exf3+ 17. Nxf3 Qf5 18. Ne5 bxc6 19. Rac1 Nd5 20. Qe2 Rf6 21. Rxc6 Re6 22. Rxe6 Qxe6 23. Rc1 Rd8 24. Rc4 Rd6 25. Qb2 Qf6 26. Re4 c5 27. Qe2 Kg7 28. Ng4 Qf7 29. h4 h5 30. Ne5 Qf5 31. Nf3 Kg8 32. Ng5 Qd7 33. Qc4 Kg7 34. Qxc5 Qc6 35. Qxa7 Rd7 36. Qd4+ Nf6 37. Qc4 Qa8 38. Qf7+ Kh6 39. f3 e5 40. Qxf6 Rd2+ 41. Kf1 Qe8 42. Ne6 1-0

[Event "21st SLO-ch"]
[Site "Ljubljana SLO"]
[Date "2011.08.12"]
[Round "7"]
[White "Srebrnic, Marko"]
[Black "Lenic, Luka"]
[Result "1/2-1/2"]
[WhiteElo "2332"]
[BlackElo "2634"]
[PlyCount "24"]
[EventDate "2011.08.06"]

1. e4 c5 2. Nc3 e6 3. Nf3 a6 4. g3 b5 5. Bg2 Bb7 6. d4 cxd4 7. Nxd4 Nf6 8. a3 b4 9. axb4 Bxb4 10. O-O d6 11. Bg5 Qc8 12. Bxf6 gxf6 1/2-1/2

[Event "21st SLO-ch"]
[Site "Ljubljana SLO"]
[Date "2011.08.12"]
[Round "7"]
[White "Tratar, Marko"]
[Black "Beliavsky, Alexander"]
[Result "1/2-1/2"]
[WhiteElo "2491"]
[BlackElo "2613"]
[PlyCount "105"]
[EventDate "2011.08.06"]

1. c4 e5 2. g3 Nc6 3. Nc3 g6 4. Bg2 Bg7 5. e4 Nge7 6. Nge2 d6 7. d3 h5 8. h4 Bg4 9. f3 Be6 10. Nd5 Ng8 11. Bg5 Qc8 12. Qd2 Nd4 13. Nxd4 exd4 14. Qa5 b6 15. Qa6 c6 16. Qxc8+ Rxc8 17. Nf4 Bd7 18. Bh3 Bxh3 19. Nxh3 d5 20. cxd5 cxd5 21. Kd2 f6 22. Bf4 Kd7 23. Rac1 Ne7 24. Ke2 f5 25. Ng5 dxe4 26. fxe4 fxe4 27. Nxe4 Nd5 28. Bg5 Rcf8 29. Rc4 Rf5 30. Rhc1 Re8 31. Kd2 Rf3 32. a3 Be5 33. Rc6 Bxg3 34. Rxg6 Be5 35. Ke2 Rh3 36. Rf1 Rh2+ 37. Rf2 Rxf2+ 38. Kxf2 Rf8+ 39. Ke2 Rc8 40. Rh6 Rc2+ 41. Kf3 Rxb2 42. Rxh5 Kc6 43. Bc1 Rb1 44. Rxe5 Rxc1 45. Re6+ Kb5 46. Re5 Kc6 47. h5 Rf1+ 48. Kg3 Ne3 49. Kh4 Rh1+ 50. Kg5 Rg1+ 51. Kf4 Rf1+ 52. Kg5 Rg1+ 53. Kf4 1/2-1/2

[Event "21st SLO-ch"]
[Site "Ljubljana SLO"]
[Date "2011.08.13"]
[Round "8"]
[White "Kokol, Peter"]
[Black "Zorko, Jure"]
[Result "0-1"]
[WhiteElo "2282"]
[BlackElo "2434"]
[PlyCount "118"]
[EventDate "2011.08.06"]

1. e4 c5 2. Nf3 e6 3. d4 cxd4 4. Nxd4 a6 5. Bd3 g6 6. Be3 Bg7 7. Nd2 Ne7 8. f4 O-O 9. O-O d6 10. c3 e5 11. N4f3 exf4 12. Bxf4 Nbc6 13. Qc2 d5 14. Rad1 Be6 15. Nb3 Qb6+ 16. Qf2 Qxf2+ 17. Rxf2 Bg4 18. h3 Bxf3 19. gxf3 Rfd8 20. Rfd2 d4 21. cxd4 Nxd4 22. Nxd4 Rxd4 23. Be3 Rd7 24. Bc4 Rxd2 25. Rxd2 Nc6 26. Kf2 Kf8 27. f4 Ke8 28. Bb6 Bh6 29. Kg3 g5 30. f5 Bg7 31. Be2 Rc8 32. Kg4 h6 33. Kh5 Ne5 34. Rd6 Nd7 35. f6 Nxf6+ 36. Rxf6 Bxf6 37. b4 Rc2 38. Bg4 Rc4 39. a3 Bb2 40. b5 axb5 41. Be2 Rxe4 42. Bxb5+ Kf8 43. Bf2 Bd4 44. Bd3 Rf4 45. Bg3 Rf3 46. Bd6+ Kg7 47. Be4 Rxh3+ 48. Kg4 Re3 49. Kf5 b6 50. a4 f6 51. Bc7 h5 52. a5 bxa5 53. Bxa5 Re2 54. Bc7 Be5 55. Bb6 g4 56. Bd3 Rb2 57. Bc5 Rd2 58. Be4 g3 59. Bf3 Bd4 0-1

[Event "21st SLO-ch"]
[Site "Ljubljana SLO"]
[Date "2011.08.13"]
[Round "8"]
[White "Lenic, Luka"]
[Black "Borisek, Jure"]
[Result "1/2-1/2"]
[WhiteElo "2634"]
[BlackElo "2543"]
[PlyCount "81"]
[EventDate "2011.08.06"]

1. Nf3 c5 2. c4 Nf6 3. d4 cxd4 4. Nxd4 e5 5. Nb5 d5 6. cxd5 Bc5 7. N5c3 O-O 8. h3 Bf5 9. e3 Qe7 10. Nd2 Bg6 11. a3 Rd8 12. Bc4 e4 13. b4 Bd6 14. Bb2 Nbd7 15. Nb5 Be5 16. d6 Qf8 17. Bxe5 Nxe5 18. Be2 a6 19. Nd4 Rac8 20. Rc1 Nd3+ 21. Bxd3 exd3 22. O-O Qxd6 23. Qb3 h6 24. Qb2 Ne4 25. Rxc8 Rxc8 26. Rc1 Rxc1+ 27. Qxc1 Nxd2 28. Qxd2 Qc7 29. f3 Qc4 30. Kf2 f6 31. Qb2 Bf7 32. Ke1 Qc7 33. Kd2 Bc4 34. Qc3 b5 35. Kc1 Qh2 36. Qd2 Qg1+ 37. Kb2 Qf1 38. Nf5 Qe2 39. Kc3 Qf1 40. Kb2 Qe2 41. Kc3 1/2-1/2

[Event "21st SLO-ch"]
[Site "Ljubljana SLO"]
[Date "2011.08.13"]
[Round "8"]
[White "Mazi, Leon"]
[Black "Srebrnic, Marko"]
[Result "1/2-1/2"]
[WhiteElo "2332"]
[BlackElo "2332"]
[PlyCount "62"]
[EventDate "2011.08.06"]

1. e4 c5 2. Nf3 Nc6 3. d4 cxd4 4. Nxd4 e5 5. Nb5 d6 6. c4 Nf6 7. N1c3 a6 8. Na3 Be7 9. Bd3 O-O 10. O-O Be6 11. Nc2 Rc8 12. Ne3 Nd7 13. b3 Bg5 14. Bb2 Nc5 15. Ncd5 Ne7 16. Bc2 b5 17. cxb5 axb5 18. b4 Nd7 19. Bb3 Nb6 20. Nxe7+ Qxe7 21. Nd5 Nxd5 22. Bxd5 h6 23. Qd3 Bxd5 24. Qxd5 Rc2 25. Bc1 Rc4 26. Qxb5 Rxe4 27. a4 Qa7 28. Bxg5 hxg5 29. Qc6 Rxb4 30. Qxd6 Rxa4 31. Rxa4 Qxa4 1/2-1/2

[Event "21st SLO-ch"]
[Site "Ljubljana SLO"]
[Date "2011.08.13"]
[Round "8"]
[White "Skoberne, Jure"]
[Black "Tratar, Marko"]
[Result "1-0"]
[WhiteElo "2563"]
[BlackElo "2491"]
[PlyCount "197"]
[EventDate "2011.08.06"]

1. c4 e5 2. Nc3 Bb4 3. Nd5 Be7 4. d4 d6 5. e4 c6 6. Nxe7 Qxe7 7. Ne2 Nf6 8. f3 d5 9. exd5 cxd5 10. dxe5 Qxe5 11. cxd5 Nxd5 12. Qd4 Nc6 13. Qxe5+ Nxe5 14. Nf4 Nxf4 15. Bxf4 Nc6 16. Bc4 Be6 17. Bxe6 fxe6 18. O-O-O Rf8 19. Be3 Rd8 20. Rxd8+ Kxd8 21. Rd1+ Kc7 22. Bd2 Rf5 23. Bc3 g6 24. Re1 Kd6 25. Kd2 Rh5 26. h3 Rg5 27. g4 Rd5+ 28. Ke3 Ke7 29. Kf4 Kf7 30. Re4 Ke7 31. h4 Kf7 32. Rc4 Rd3 33. Ke4 Rd1 34. Rc5 a6 35. b4 Rc1 36. Kd3 Rf1 37. Ke2 Rc1 38. a4 Ke8 39. Kd2 Rf1 40. Ke2 Rc1 41. Kd2 Rf1 42. b5 axb5 43. Rxb5 Rxf3 44. Rxb7 Rf4 45. Rc7 Rxa4 46. Rxc6 Rxg4 47. h5 gxh5 48. Rxe6+ Kf7 49. Rh6 Rg6 50. Rxh7+ Ke6 51. Rxh5 Rg3 52. Bd4 Rf3 53. Ra5 Rf5 54. Ra6+ Kd5 55. Kd3 Rf3+ 56. Be3 Rh3 57. Ra5+ Kd6 58. Rf5 Ke6 59. Rb5 Kd6 60. Ke4 Rh4+ 61. Bf4+ Kc6 62. Rf5 Rg4 63. Kd4 Rg6 64. Kc4 Re6 65. Rc5+ Kb6 66. Bc7+ Kb7 67. Kd5 Re1 68. Be5 Rd1+ 69. Bd4 Rd2 70. Rc4 Rd1 71. Kd6 Rh1 72. Rc7+ Ka6 73. Kd5 Rh6 74. Kc4 Ka5 75. Bf2 Rg6 76. Rb7 Rh6 77. Rb1 Ka6 78. Bc5 Rg6 79. Kd5 Ka5 80. Bd6 Rg5+ 81. Kc6 Rg4 82. Rb3 Rh4 83. Bc5 Rh6+ 84. Kd5 Ka6 85. Bd6 Ka5 86. Kc6 Rh4 87. Be7 Rh6+ 88. Kc5 Rh5+ 89. Kc4 Ka6 90. Bc5 Rh6 91. Ra3+ Kb7 92. Ra7+ Kc8 93. Kd5 Kd8 94. Bd6 Rh1 95. Kc6 Rc1+ 96. Bc5 Ke8 97. Re7+ Kd8 98. Re2 Rc3 99. Rf2 1-0

[Event "21st SLO-ch"]
[Site "Ljubljana SLO"]
[Date "2011.08.14"]
[Round "9"]
[White "Sebenik, Matej"]
[Black "Skoberne, Jure"]
[Result "1/2-1/2"]
[WhiteElo "2525"]
[BlackElo "2563"]
[PlyCount "20"]
[EventDate "2011.08.06"]

1. Nf3 Nf6 2. d4 d5 3. c4 e6 4. g3 Bb4+ 5. Bd2 Be7 6. Bg2 O-O 7. O-O c6 8. Qc2 Nbd7 9. Rd1 b6 10. b3 Bb7 1/2-1/2

[Event "21st SLO-ch"]
[Site "Ljubljana SLO"]
[Date "2011.08.14"]
[Round "9"]
[White "Srebrnic, Marko"]
[Black "Beliavsky, Alexander"]
[Result "0-1"]
[WhiteElo "2332"]
[BlackElo "2613"]
[PlyCount "104"]
[EventDate "2011.08.06"]

1. e4 e5 2. Nc3 Nf6 3. Bc4 Nc6 4. d3 Na5 5. Nge2 c6 6. a3 Nxc4 7. dxc4 d6 8. Qd3 a6 9. a4 Be6 10. O-O Be7 11. b3 O-O 12. Bg5 Nh5 13. Bxe7 Qxe7 14. f4 exf4 15. Nxf4 Nxf4 16. Rxf4 Rad8 17. Raf1 f6 18. Qd4 Bf7 19. Nd1 Rfe8 20. Ne3 Qe5 21. Qb6 Qc5 22. Qxc5 dxc5 23. Rd1 Rd4 24. Rxd4 cxd4 25. Nf5 g5 26. Rf2 Rxe4 27. Nd6 Re1+ 28. Rf1 Re7 29. Rxf6 Bg6 30. Nf5 Re1+ 31. Kf2 Rd1 32. c5 Rd2+ 33. Kf1 Rxc2 34. Nxd4 Rxc5 35. Ne6 Rc1+ 36. Kf2 Bf7 37. b4 Rc2+ 38. Kg3 Rb2 39. Nxg5 Bd5 40. b5 Rxg2+ 41. Kf4 Rf2+ 42. Ke5 Rxf6 43. Kxf6 cxb5 44. axb5 a5 45. Ke5 a4 46. Kd4 a3 47. Kc3 Kg7 48. Nh3 Kf6 49. Nf2 Kg5 50. Nh3+ Kg4 51. Nf2+ Kf3 52. Nd3 h5 0-1

[Event "21st SLO-ch"]
[Site "Ljubljana SLO"]
[Date "2011.08.14"]
[Round "9"]
[White "Zorko, Jure"]
[Black "Lenic, Luka"]
[Result "1/2-1/2"]
[WhiteElo "2434"]
[BlackElo "2634"]
[PlyCount "49"]
[EventDate "2011.08.06"]

1. d4 d5 2. c4 e6 3. Nc3 c6 4. Nf3 Nf6 5. Bg5 h6 6. Bxf6 Qxf6 7. g3 Nd7 8. Qb3 Nb6 9. cxd5 exd5 10. Bg2 Qd8 11. O-O Be7 12. e4 dxe4 13. Nxe4 Be6 14. Qc2 Nd7 15. a3 O-O 16. b4 Rc8 17. Nc5 Nxc5 18. dxc5 Bf6 19. Rad1 Qc7 20. Nd4 Bg4 21. Bf3 Bh3 22. Bg2 Bg4 23. Bf3 Bh3 24. Bg2 Bg4 25. Bf3 1/2-1/2